[Event "Corrientes op 2nd"]
[Site "Corrientes"]
[Date "2023.03.26"]
[Round "6"]
[White "Esterio, Carlos"]
[Black "Aznar, Dario"]
[Result "0-1"]
[WhiteElo "1705"]
[BlackElo "1669"]
[PlyCount "66"]
[EventDate "2023.03.24"]
[EventType "swiss"]
[EventRounds "6"]
[EventCountry "ARG"]
[SourceTitle "CBM 213 Extra"]
[Source "ChessBase"]
[SourceDate "2023.05.31"]
[SourceVersion "1"]
[SourceVersionDate "2023.05.31"]
[SourceQuality "1"]

1. d4 Nf6 2. Nf3 g6 3. e3 Bg7 4. Be2 d6 5. 0-0 0-0 6. c4 Nbd7 7. Nc3 e5 8. Qc2 c6 9. Rd1 Qc7 10. b4 a6 11. Bb2 exd4 12. exd4 d5 13. c5 Nh5 14. a4 Nf4 15. Bf1 Nf6 16. Ra3 Bf5 17. Qb3 Bg4 18. Ne2 Rfe8 19. Ng3 h5 20. h3 h4 21. hxg4 hxg3 22. fxg3 Ne2+ 23. Bxe2 Rxe2 24. Ne5 Ne4 25. Bc1 Bxe5 26. dxe5 Qxe5 27. Bf4 Qb2 28. Qxb2 Rxb2 29. Raa1 Rxb4 30. Rdb1 a5 31. Bc7 Nxc5 32. Bd6 b6 33. Rc1 Nb3 0-1

[Event "San Antonio de Obligado op"]
[Site "San Antonio de Obligado"]
[Date "2022.10.10"]
[Round "5"]
[White "Esterio, Carlos"]
[Black "Ivasiuta, Diego"]
[Result "1-0"]
[WhiteElo "1680"]
[BlackElo "1564"]
[PlyCount "97"]
[EventDate "2022.10.08"]
[EventType "swiss"]
[EventRounds "6"]
[EventCountry "ARG"]
[SourceTitle "CBM 210 Extra"]
[Source "ChessBase"]
[SourceDate "2022.11.30"]
[SourceVersion "1"]
[SourceVersionDate "2022.11.30"]
[SourceQuality "1"]

1. d4 Nf6 2. Nf3 e6 3. e3 Be7 4. Bd3 d5 5. 0-0 0-0 6. Nbd2 Nbd7 7. b3 b6 8. Bb2 Bb7 9. c4 dxc4 10. bxc4 c5 11. Qe2 cxd4 12. exd4 Rc8 13. Rac1 Re8 14. Rfd1 Qc7 15. a4 Qb8 16. a5 Bc6 17. Ra1 Bb4 18. axb6 axb6 19. Ne5 Nxe5 20. dxe5 Bxd2 21. exf6 Bh6 22. fxg7 Qf4 23. Be5 Qg5 24. f4 Qh4 25. Ra3 Ra8 26. Bxh7+ Kxh7 27. Rh3 Qxh3 28. gxh3 Ra3 29. Qh5 Ra2 30. Qxf7 Rg2+ 31. Kf1 Rg8 32. Qxg8+ Kxg8 33. Rd8+ Kf7 34. Rf8+ Ke7 35. g8Q Bxf8 36. Bd6+ Kxd6 37. Qxf8+ Kd7 38. Qf7+ Kd6 39. Qf6 Rxh2 40. Qe5+ Kd7 41. f5 Rh1+ 42. Kf2 exf5 43. Qxf5+ Kd6 44. Qf8+ Kd7 45. Qf4 Ke7 46. h4 Rb1 47. Qg5+ Kd6 48. Qg6+ Kc5 49. Qxb1 1-0

[Event "San Antonio de Obligado op"]
[Site "San Antonio de Obligado"]
[Date "2022.10.08"]
[Round "1"]
[White "Suarez Braico, Agustin"]
[Black "Esterio, Carlos"]
[Result "0-1"]
[WhiteElo "1220"]
[BlackElo "1680"]
[PlyCount "52"]
[EventDate "2022.10.08"]
[EventType "swiss"]
[EventRounds "6"]
[EventCountry "ARG"]
[SourceTitle "CBM 210 Extra"]
[Source "ChessBase"]
[SourceDate "2022.11.30"]
[SourceVersion "1"]
[SourceVersionDate "2022.11.30"]
[SourceQuality "1"]

1. d4 Nf6 2. c4 e6 3. Nf3 b6 4. e3 Bb7 5. Be2 Be7 6. Nc3 0-0 7. 0-0 d5 8. b3 c5 9. Bb2 cxd4 10. exd4 Nbd7 11. Ne5 Rc8 12. Rc1 dxc4 13. bxc4 Qc7 14. Nb5 Qb8 15. Qb3 Nxe5 16. dxe5 Nd7 17. f4 Nc5 18. Qg3 Rfd8 19. Rfd1 Ne4 20. Qg4 Bc5+ 21. Nd4 Rd7 22. Kf1 Rcd8 23. Bf3 Bxd4 24. Bxd4 Rxd4 25. Rxd4 Rxd4 26. f5 Nd2+ 0-1

[Event "Posadas Misionera op"]
[Site "Posadas"]
[Date "2022.08.14"]
[Round "4"]
[White "Esterio, Carlos"]
[Black "Fernandez Ibanez, Ivan Emmanuel"]
[Result "1-0"]
[WhiteElo "1705"]
[BlackElo "1434"]
[PlyCount "39"]
[EventDate "2022.08.13"]
[EventType "swiss"]
[EventRounds "6"]
[EventCountry "ARG"]
[SourceTitle "EXT 2023"]
[Source "ChessBase"]
[SourceDate "2022.10.05"]
[SourceVersion "1"]
[SourceVersionDate "2022.10.05"]
[SourceQuality "1"]

1. d4 f5 2. e4 fxe4 3. Nc3 Nf6 4. Bg5 e6 5. Nxe4 Be7 6. Nxf6+ Bxf6 7. Be3 b6 8. Qf3 Nc6 9. Bd3 Qe7 10. c3 Bb7 11. Ne2 0-0 12. Qh3 e5 13. d5 Nb8 14. Bc4 Na6 15. 0-0 h5 16. Qf5 Nc5 17. b4 Na6 18. Qc2 c6 19. Rfd1 Bg5 20. dxc6+ 1-0

[Event "Posadas Independence"]
[Site "Posadas"]
[Date "2019.07.06"]
[Round "2.3"]
[White "Carlino, Esteban Ezequiel"]
[Black "Esterio, Carlos"]
[Result "0-1"]
[WhiteElo "1918"]
[BlackElo "1538"]
[PlyCount "94"]
[EventDate "2019.07.06"]
[EventType "swiss"]
[EventRounds "6"]
[EventCountry "ARG"]
[SourceTitle "EXT 2024"]
[Source "ChessBase"]
[SourceDate "2023.10.10"]
[SourceVersion "1"]
[SourceVersionDate "2023.10.10"]
[SourceQuality "1"]

1. Nf3 c5 2. c4 Nc6 3. g3 Nf6 4. Bg2 e6 5. d4 cxd4 6. Nxd4 Bb4+ 7. Bd2 Bxd2+ 8. Qxd2 0-0 9. 0-0 a6 10. Rd1 Qc7 11. Nc3 Rb8 12. b3 Rd8 13. e4 Qb6 14. Nxc6 bxc6 15. e5 Ne8 16. Ne4 f5 17. c5 Qc7 18. Nd6 Nxd6 19. exd6 Qa7 20. Qg5 Rf8 21. Rac1 a5 22. Rd4 Rb5 23. Rdc4 Ba6 24. Qe7 Rf7 25. Qe8+ Rf8 26. Qe7 Rf7 27. Qe8+ Rf8 28. Qh5 Rb4 29. Rh4 Rxh4 30. Qxh4 Qb8 31. Bf1 Bxf1 32. Kxf1 Qd8 33. Qd4 f4 34. Rc4 fxg3 35. hxg3 Qg5 36. Kg2 Qf5 37. Rc3 Rb8 38. Qh4 Rf8 39. Qd4 g5 40. Qe3 Qd5+ 41. Kf1 Rf5 42. a3 Re5 43. Qf3 Qxf3 44. Rxf3 Rxc5 45. b4 axb4 46. axb4 Rd5 47. Rc3 Rxd6 0-1

[Event "ARG-ch sf U300 City"]
[Site "Posadas"]
[Date "2019.06.16"]
[Round "6.5"]
[White "Esterio, Carlos"]
[Black "Dos Santos, Leo Jose"]
[Result "1-0"]
[WhiteElo "1466"]
[BlackElo "1818"]
[PlyCount "91"]
[EventDate "2019.06.15"]
[EventType "swiss"]
[EventRounds "6"]
[EventCountry "ARG"]
[SourceTitle "EXT 2024"]
[Source "ChessBase"]
[SourceDate "2023.10.10"]
[SourceVersion "1"]
[SourceVersionDate "2023.10.10"]
[SourceQuality "1"]

1. d4 Nf6 2. Nf3 d6 3. e3 g6 4. Be2 Bg7 5. 0-0 0-0 6. c4 Nbd7 7. Nc3 e5 8. Qc2 Ne8 9. Rd1 f5 10. b4 e4 11. Ne1 Nef6 12. Bb2 h5 13. c5 d5 14. Qb3 c6 15. b5 Ng4 16. Bxg4 hxg4 17. bxc6 bxc6 18. Nxd5 Rb8 19. Nb4+ Kh7 20. Qa4 Qh4 21. Bc3 Bb7 22. Nxc6 Nxc5 23. Qxa7 Bxc6 24. Qxc5 Rbc8 25. Rdc1 f4 26. Bd2 Rf5 27. Qd6 Rf6 28. Qe7 g5 29. exf4 Rh6 30. Qxg5 Qxh2+ 31. Kf1 Rh5 32. Rxc6 Rxg5 33. Rxc8 Rd5 34. Be3 g3 35. Rac1 gxf2 36. Kxf2 Qh4+ 37. Ke2 Bxd4 38. Bxd4 Rxd4 39. R1c7+ Kg6 40. Ke3 Rd6 41. Rg8+ Kf6 42. Rf8+ Ke6 43. Re8+ Kf6 44. Rf8+ Kg6 45. f5+ Kh5 46. Rh7+ 1-0